Najmniejsze państwa świata - Statystyki

Ogólne statystyki
  • Ten quiz został rozwiązany 152 razy
  • Średni wynik to 12 z 20
Statystyki odpowiedzi
powierzchnia odpowiedź % Poprawnych
0,44 Watykan
99%
61 San Marino
95%
2,02 Monako
93%
160 Liechtenstein
88%
468 Andora
85%
316 Malta
65%
26 Tuvalu
59%
21 Nauru
58%
693 Singapur
54%
455 Seszele
50%
620 Saint Lucia
49%
459 Palau
48%
181 Wyspy Marshalla
47%
261 Saint Kitts i Nevis
45%
389 Saint Vincent i Grenadyny
45%
430 Barbados
43%
298 Malediwy
42%
620 Bahrajn
41%
442 Antigua i Barbuda
40%
344 Grenada
38%
Nie znaleziono quizów pasujących do podanych kryteriów
Rozkład punktacji
Procent ludzi z każdym wynikiem
Percentyl według liczby udzielonych odpowiedzi
Twoja historia wyników
Nie rozwiązałeś tego quizu